| 000 | 01043nam a22002537a 4500 | ||
|---|---|---|---|
| 005 | 20170124103106.0 | ||
| 010 | _aB-082020 | ||
| 020 |
_c95.00 _a8170284317 |
||
| 035 | _aB-082020 | ||
| 037 | _bCen Lib/Ret | ||
| 040 |
_aDPL _bHN |
||
| 082 |
_a822 _bवैदकृ |
||
| 100 |
_aवैद, कृष्ण बलदेव _96009 |
||
| 245 |
_aमोला लिज़ा की मुस्कान : _cकृष्ण बलदेव वैद _bमौलिक नाटक / |
||
| 246 |
_aMonā Lizā kī muskāna : maulika nāṭaka / _bby Krishn Baldev Vaid |
||
| 260 |
_aदिल्ली _bराजपाल एंड संस _c2003 |
||
| 270 |
_aकश्मीरी गेट _bदिल्ली _e110006 |
||
| 300 |
_a92पृ. _c21सेमी (सजिल्द) |
||
| 650 |
_aसाहित्य--नाटक _9147 |
||
| 650 |
_aहिन्दी नाटक _91413 |
||
| 650 |
_aLiterature--Drama _978257 |
||
| 650 |
_aHindi drama _978258 |
||
| 942 |
_2ddc _cHN _h822 _mवैदकृ |
||
| 999 |
_c118083 _d118083 |
||